000
00215 a2200097 4500
001
30835
100
_a
Mason, P
245
_a
Common Sense About Race
260
_a
London
_b
Victor Collancz
_c
090
_c
20732
_d
20732
942
_a
NUST-CAE
_c
M
_c
11928
999
_c
265908
_d
265908